Geography Quiz

Random Geography or City Quiz

City Facts: Houston Quiz Stats

 Plays Quiz not verified by Sporcle

Score 0/21 Timer 05:00
0 Plays Today
Hint Answer % Correct
StateTexas
100%
Baseball TeamAstros
88.9%
Football TeamTexans
88.9%
Basketball TeamRockets
88.9%
Domed StadiumAstrodome
77.8%
CountyHarris County
72.2%
Region South
72.2%
DemonymHoustonian
72.2%
Former Football TeamOilers
72.2%
NamesakeGeneral Sam Houston
66.7%
Largest Shopping MallHouston Galleria
61.1%
Hint Answer % Correct
Primary AirportGeorge Bush Intercontinental Airport
55.6%
Primary NewspaperThe Houston Chronicle
55.6%
Super Bowl Host Years1974
50%
Tallest BuildingJP Morgan Chase Tower
44.4%
NicknameSpace City
38.9%
MayorSylvester Turner
38.9%
FreewayI-10
38.9%
Largest Medical Center Texas Medical Center
33.3%
Population (as of 2010)2.1 million
27.8%
Climate ClassificationHumid Subtropical
16.7%

You're not logged in!

Compare scores with friends on all Sporcle quizzes.
OR
Log In

Sporcle TV

Today on Sporcle TV


Watch our educational content, quiz creation guides, and fun videos on Sporcle TV.

Show Comments

Extras

Created Sep 3, 2017ReportNominate
Tags:City Quiz, houston

Top Quizzes Today


Score Distribution

Your Account Isn't Verified!

In order to create a playlist on Sporcle, you need to verify the email address you used during registration. Go to your Sporcle Settings to finish the process.

Report this User

Report this user for behavior that violates our Community Guidelines.

Details: